Featuring avec Bekar - Statistiques

Statistiques générales
  • Ce quiz a été pris 111 fois
  • Le résultat moyen est 13 sur 23
Statistiques - réponses
Hint Réponse % Correct
Fisheye PLK
99%
Finalement SDM
97%
Basquiat Georgio
93%
2 gouttes d'eau Georgio
93%
Il existe un endroit Blandine
81%
5.9.3 Lesram
80%
Grünt #59 Ben PLG / Sto
78%
Le film de ma vie Roshi
72%
Effet Mer Zinée
71%
Tant que ça va Ben PLG
69%
fichier/tnf.mp3 Sto / Sima / Sreen / Konga
63%
59dB ZKR
59%
Vide Sentimental Myth Syzer
51%
Canada Raska
42%
Béni Usky
41%
America's cup Caballero et JeanJass
35%
Victor Hugo E17 / Sreen
29%
Elle me veut Salek / Balao
26%
Potion Magique Balao
24%
Games of Trônes Balao
24%
Minimum JNR
22%
Reflet Push&Gio
13%
Même rêves Le 3ème oeil
8%
Aucun quiz correspondant
Distribution des résultats
% des personnes avec chaque résultat
Percentile par nombre de réponses
Votre historique - résultats
Vous n’avez pas pris ce quiz